| 000 | 01058nam0a2200301 4500 | ||
|---|---|---|---|
| 001 | RU\NLR\bibl\563666 | ||
| 005 | 20260406042517.0 | ||
| 010 |
_a5-7833-0632-0 _930000 |
||
| 021 |
_aRU _b2004-52946 _92600 |
||
| 021 |
_aRU _b2006-7328 _9350 |
||
| 035 | _a(NLR Aleph) 000555770 | ||
| 090 |
_a1500902 _c1500902 |
||
| 100 | _a20041018d2004 |||y0rusy50 ca | ||
| 101 | 0 | _arus | |
| 102 | _aRU | ||
| 105 | _aa ||||||||| | ||
| 200 | 1 |
_aКрошка крот идет на завтрак _e[Стихи _eДля мл. шк. возраста] _fИрина Новикова _g[Худож. И.Н. Приходкин] |
|
| 210 |
_aМ. _cФламинго _d2004 |
||
| 215 |
_a[14] с. _cцв. ил. _d22 |
||
| 225 | 1 | _aСтихи для малышей | |
| 686 | _aШ9(2)60=Р7-5 | ||
| 700 | 1 |
_4070 _8rus _7ca _aНовикова _bИ. А. _cдет. писатель _gИрина Анатольевна _3RU\NLR\auth\772724 _9112732 |
|
| 801 | 0 |
_aRU _bNLR _c20041018 _gPSBO |
|
| 801 | 1 |
_aRU _bNLR _c20041018 |
|
| 942 | _cBOOK | ||
| 980 | _aNB | ||